EKŌ-JI: Numata Ehan’s Ideas and Their Realization in a Japanese Buddhist Temple in Germany
The EKŌ temple in Düsseldorf was built thanks to the initiative and financial support of the Japanese entrepreneur Numata Ehan as one part of a German-Japanese cultural center. Following the vision of its founder, the EKŌ temple is dedicated to all schools of Japanese Buddhism, even though its basic...
| Main Author: | |
|---|---|
| Format: | Electronic Article |
| Language: | English |
| Check availability: | HBZ Gateway |
| Interlibrary Loan: | Interlibrary Loan for the Fachinformationsdienste (Specialized Information Services in Germany) |
| Published: |
2022
|
| In: |
Journal of Religion in Japan
Year: 2022, Volume: 11, Issue: 1, Pages: 84-108 |
| Standardized Subjects / Keyword chains: | B
Numata, Yehan 1897-1994
/ EKŌ-Haus der Japanischen Kultur (Düsseldorf)
/ Buddhism
/ Temple
/ Meeting centre
|
| RelBib Classification: | AD Sociology of religion; religious policy AG Religious life; material religion AH Religious education BL Buddhism KBB German language area KBM Asia RB Church office; congregation |
| Further subjects: | B
Buddhist social ethics
B danka system B Buddhist temple B Buddhist Modernism B Japanese cultural centre |
| Online Access: |
Volltext (lizenzpflichtig) Volltext (lizenzpflichtig) |
MARC
| LEADER | 00000caa a22000002c 4500 | ||
|---|---|---|---|
| 001 | 1783436565 | ||
| 003 | DE-627 | ||
| 005 | 20251118165926.0 | ||
| 007 | cr uuu---uuuuu | ||
| 008 | 211222s2022 xx |||||o 00| ||eng c | ||
| 024 | 7 | |a 10.1163/22118349-01002011 |2 doi | |
| 035 | |a (DE-627)1783436565 | ||
| 035 | |a (DE-599)KXP1783436565 | ||
| 040 | |a DE-627 |b ger |c DE-627 |e rda | ||
| 041 | |a eng | ||
| 084 | |a 0 |2 ssgn | ||
| 100 | 1 | |e VerfasserIn |0 (DE-588)1290657491 |0 (DE-627)1846235529 |4 aut |a Nottelmann-Feil, Marc | |
| 109 | |a Nottelmann-Feil, Marc |a Feil, Marc Nottelmann- | ||
| 245 | 1 | 0 | |a EKŌ-JI: Numata Ehan’s Ideas and Their Realization in a Japanese Buddhist Temple in Germany |
| 264 | 1 | |c 2022 | |
| 336 | |a Text |b txt |2 rdacontent | ||
| 337 | |a Computermedien |b c |2 rdamedia | ||
| 338 | |a Online-Ressource |b cr |2 rdacarrier | ||
| 520 | |a The EKŌ temple in Düsseldorf was built thanks to the initiative and financial support of the Japanese entrepreneur Numata Ehan as one part of a German-Japanese cultural center. Following the vision of its founder, the EKŌ temple is dedicated to all schools of Japanese Buddhism, even though its basic layout is that of a Shin Buddhist temple. This article explores Numata’s founding vision, which is based on a modern interpretation of Buddhism, and it also describes the different groups that are involved in the life of the temple today. Significantly, different conceptions of Buddhism and the meaning of a temple coexist at EKŌ. These differences are particularly noticeable between Western and Japanese visitors; furthermore, they hint at the different processes of modernization that Japanese Buddhism in the West and in Japan respectively underwent, both of which continue to influence Buddhism today. | ||
| 601 | |a Buddhist | ||
| 601 | |a Germanien | ||
| 650 | 4 | |a Buddhist Modernism | |
| 650 | 4 | |a danka system | |
| 650 | 4 | |a Buddhist social ethics | |
| 650 | 4 | |a Japanese cultural centre | |
| 650 | 4 | |a Buddhist temple | |
| 652 | |a AD:AG:AH:BL:KBB:KBM:RB | ||
| 689 | 0 | 0 | |d p |0 (DE-588)1263898084 |0 (DE-627)181200883X |2 gnd |a Numata, Yehan |d 1897-1994 |
| 689 | 0 | 1 | |d b |0 (DE-588)5161596-4 |0 (DE-627)190658452 |0 (DE-576)195581938 |2 gnd |a EKŌ-Haus der Japanischen Kultur |g Düsseldorf |
| 689 | 0 | 2 | |d s |0 (DE-588)4008690-2 |0 (DE-627)106366823 |0 (DE-576)20887772X |2 gnd |a Buddhismus |
| 689 | 0 | 3 | |d s |0 (DE-588)4059416-6 |0 (DE-627)10439403X |0 (DE-576)209130709 |2 gnd |a Tempel |
| 689 | 0 | 4 | |d s |0 (DE-588)4521995-3 |0 (DE-627)251380114 |0 (DE-576)213300974 |2 gnd |a Begegnungsstätte |
| 689 | 0 | |5 (DE-627) | |
| 773 | 0 | 8 | |i Enthalten in |t Journal of Religion in Japan |d Leiden : Brill, 2012 |g 11(2022), 1, Seite 84-108 |h Online-Ressource |w (DE-627)718610997 |w (DE-600)2660487-5 |w (DE-576)375634215 |x 2211-8349 |7 nnas |
| 773 | 1 | 8 | |g volume:11 |g year:2022 |g number:1 |g pages:84-108 |
| 856 | 4 | 0 | |u https://doi.org/10.1163/22118349-01002011 |x Resolving-System |z lizenzpflichtig |3 Volltext |7 1 |
| 856 | 4 | 0 | |u https://brill.com/view/journals/jrj/11/1/article-p84_4.xml |x Verlag |z lizenzpflichtig |3 Volltext |7 1 |
| 935 | |a mteo | ||
| 938 | 1 | 0 | |0 (DE-627)1756168318 |0 (DE-615)6604895 |a Buddhismus |2 fivt |
| 938 | 1 | 0 | |0 (DE-627)1756175179 |0 (DE-615)6607854 |a Tempel |2 fivt |
| 951 | |a AR | ||
| ELC | |a 1 | ||
| ITA | |a 1 |t 1 | ||
| LOK | |0 000 xxxxxcx a22 zn 4500 | ||
| LOK | |0 001 4025270749 | ||
| LOK | |0 003 DE-627 | ||
| LOK | |0 004 1783436565 | ||
| LOK | |0 005 20220712112352 | ||
| LOK | |0 008 211222||||||||||||||||ger||||||| | ||
| LOK | |0 035 |a (DE-Tue135)IxTheo#2021-12-21#E393EA00CBE0230005BDF4F26DCA2B7042127F8A | ||
| LOK | |0 040 |a DE-Tue135 |c DE-627 |d DE-Tue135 | ||
| LOK | |0 092 |o n | ||
| LOK | |0 852 |a DE-Tue135 | ||
| LOK | |0 852 1 |9 00 | ||
| LOK | |0 935 |a ixzs |a zota | ||
| LOK | |0 936ln |0 1442043016 |a AD | ||
| LOK | |0 936ln |0 1442043229 |a AG | ||
| LOK | |0 936ln |0 1550364804 |a AH | ||
| LOK | |0 936ln |0 1442043644 |a BL | ||
| LOK | |0 936ln |0 1442044721 |a KBB | ||
| LOK | |0 936ln |0 144204893X |a KBM | ||
| LOK | |0 936ln |0 144205302X |a RB | ||
| LOK | |0 939 |a 22-12-21 |b l01 | ||
| ORI | |a SA-MARC-ixtheoa001.raw | ||
| REL | |a 1 | ||
| STA | 0 | 0 | |a Buddhism,Buddhism,Meeting centre,Communication centre,Temple,Temple |
| STB | 0 | 0 | |a Buddhisme,Bouddhisme,Centre de rencontres,Temple,Temple |
| STC | 0 | 0 | |a Budismo,Budismo,Centro de encuentro,Templo,Templo |
| STD | 0 | 0 | |a Buddhismo <motivo>,Buddhismo,Buddismo,Buddismo,Buddismo (motivo),Buddismo,Centro d'incontro,Tempio,Tempio |
| STE | 0 | 0 | |a 佛教,庙宇,寺院,神殿 |
| STF | 0 | 0 | |a 佛教,廟宇,寺院,神殿 |
| STG | 0 | 0 | |a Budismo,Budismo,Centro de encontro,Templo,Templo |
| STH | 0 | 0 | |a Буддизм (мотив),Буддизм,Храм (мотив),Храм,Центр встреч |
| STI | 0 | 0 | |a Βουδισμός (μοτίβο),Βουδισμός,Ναός (μοτίβο),Ναός,Χώρος συνάντησης |
| SUB | |a REL | ||
| SYG | 0 | 0 | |a Numata, Ehan,1897-1994,Yehan Numata,1897-1994,Ehan Numata,1897-1994 , Doitsu-Ekō-Nihon-Bunka-Sentā,EKŌ-Haus der Japanischen Kultur,EKŌ,Haus der Japanischen Kultur EKŌ,Doitsu "Ekō" Nihon Bunka Sentā,EKO-Haus der Japanischen Kultur,Haus der japanischen Kultur,EK,Doitsu-Ekō-Nihon-Bunka-Sentā,Haus der Japanischen Kultur , Buddhism,Zen-Buddhismus , Kommunikationszentrum |
| TIM | |a 100019930101_100020261231 |b 1993 - 2026 | ||



